Catalog

Record Details

Catalog Search



Biographisches Lexikon zur Geschichte der böhmischen Länder. Band I, A-H / herausgegeben im Auftrag des Collegium Carolinum von Heribert Sturm

Record details

  • ISBN: 3-486-49491-0 (váz.) :
  • Physical Description: 715 s.
  • Publisher: München ; R. Oldenbourg, 1979

Content descriptions

General Note:
Sudetikum

Available copies

  • 1 of 1 copy available at Common Catalog SPOK.

Holds

  • 0 current holds with 1 total copy.
Show Only Available Copies
Location Call Number / Copy Notes Barcode Shelving Location Status Due Date
Terezin Initiative Institute M 222 4594300222 Knihovna ITI Available -

LDR 00729nam a2200229 a 4500
00125371
003CZ-PrJAB
00520220904044834.0
008021128s1979 gw gr u 0 ger
020 . ‡a3-486-49491-0 (váz.) : ‡cKč 5490.00
035 . ‡a(CONS)173
035 . ‡a(CZ PrSKC)c257739
040 . ‡aLIA001 ‡bcze
080 . ‡a929
080 . ‡a030
080 . ‡a94(437.1/.3)
24500. ‡aBiographisches Lexikon zur Geschichte der böhmischen Länder. ‡nBand I, ‡pA-H / ‡cherausgegeben im Auftrag des Collegium Carolinum von Heribert Sturm
24630. ‡aA-H
260 . ‡aMünchen ; ‡aWien : ‡bR. Oldenbourg, ‡c1979
300 . ‡a715 s.
500 . ‡aSudetikum
7001 . ‡aSturm, Heribert ‡4com
7102 . ‡aCollegium Carolinum (Mnichov, Německo) ‡7ko2003198452 ‡4aut
8524 . ‡bJACH-ITI ‡bJACH-ITI ‡cKnihovna ITI ‡jM 222 ‡pM222 ‡y$0.00
910 . ‡aABE340 ‡b222
995 . ‡askok
901 . ‡a25371 ‡bISxN ‡c25371 ‡tbiblio

Additional Resources